Statistics for Superhero Nicknames #2

Click here to take the quiz!

General Stats

  • This quiz has been taken 590 times
  • The average score is 11 of 16

Answer Stats

HintAnswer% Correct
The Dark KnightBatman
99%
Last Son of KryptonSuperman
98%
The Amazon PrincessWonder Woman
91%
Your Friendly Neighborhood _________Spider-man
90%
CapCaptain America
88%
The Sultan of SpeedFlash
87%
Earth's Mightiest SuperheroesThe Avengers
84%
Doc OckDoctor Octopus
71%
The Dynamic DuoBatman and Robin
63%
The Merc' with the MouthDeadpool
58%
Golden AvengerIron Man
50%
The Mad TitanThanos
47%
The World DevourerGalactus
45%
Harlequin of HateThe Joker
38%
Ever Lovin' Blue Eyed ThingThe Thing
27%
CanuckleheadWolverine
24%

Score Distribution

Percentile by Number Answered

Percent of People with Each Score

Your Score History

You have not taken this quiz